Clouds - One Direction (All Lyrics) - Statistics

General Stats
  • This quiz has been taken 26 times
  • The average score is 193 of 289
Answer Stats
Answer % Correct
I
100%
clouds
94%
don't
94%
that
94%
you
94%
we
89%
go
83%
know
83%
like
83%
the
83%
woah
83%
Here
78%
here
78%
(here
78%
it
78%
me
78%
again
72%
again)
72%
no
72%
said
72%
and
67%
for
67%
is
67%
love
67%
my
67%
you're
67%
all
61%
but
61%
complicated
61%
down
61%
ever
61%
friends
61%
of
61%
on
61%
want
61%
another
56%
gonna
56%
never
56%
see
56%
stop
56%
we're
56%
were
56%
will
56%
back
50%
someday
50%
air
44%
breathe
44%
coming
44%
end
44%
looking
44%
things
44%
up
44%
left
39%
round
39%
wish
39%
always
33%
changes
33%
changing
33%
non
33%
tired
33%
grow
28%
you'd
28%
No matching quizzes found
Score Distribution
Percent of People with Each Score
Percentile by Number Answered
Your Score History
You have not taken this quiz